Score 0/16 Timer 04:00
0 Plays Today
Hint Missing Word % Correct
Amanda SeyfriedMia
97.8%
Katherine HeiglUp
96%
Diane KeatonGive
94.5%
Katherine HeiglEve
94.4%
Diane KeatonSaid
92%
Amanda SeyfriedMisérables
90.6%
Robert De NiroBull
90.6%
Robert De NiroSilver
90.4%
Hint Missing Word % Correct
Amanda SeyfriedDear
90.3%
Katherine HeiglDresses
77.7%
Robert De NiroGodfather
77.2%
Katherine HeiglBride
76.8%
Robert De NiroDeer
76.1%
Diane KeatonHall
75.3%
Diane KeatonFamily
41.3%
Amanda SeyfriedJuliet
33.8%

Today's Daily Dose

Remove Ads.
Support Sporcle.
Get the best of Sporcle when you Go Orange. This ad-free experience offers more features, more stats, and more fun while also helping to support Sporcle. Thank you for becoming a member.

You're not logged in!

Compare scores with friends on all Sporcle quizzes.
OR
Log In

Show Comments

Extras

Top Quizzes Today


Score Distribution

Your Account Isn't Verified!

In order to create a playlist on Sporcle, you need to verify the email address you used during registration. Go to your Sporcle Settings to finish the process.

Report this User

Report this user for behavior that violates our Community Guidelines.

Details: